000 01079 a2200229 4500
020 _a0030223776 (hardcover)
020 _a9780030223778 (hardcover)
082 0 4 _a658.3
090 _c4346
_d4346
100 1 _aAnthony, William P.
245 1 0 _aHuman resource management :
_ba strategic approach /
_cWilliam P. Anthony, Pamela L. Perrewe, K. Michele Kacmar.
250 _a3rd ed.
260 _a[S.l.] :
_bHarcourt Brace College Publishers,
_c1998.
300 _a904 p. ;
_c26 cm.
490 1 _aDryden press series in management.
520 _aTaking a strategic approach to human resource management, this text integrates human resources with other functional areas such as marketing, finance, operations and accounting. It links human resource strategies to corporate strategies, demonstrating how HR fits into an organization.
700 1 _aPerrewe, Pamela L.
700 1 _aKacmar, K. Michele.
830 0 _aDryden press series in management.
856 4 0 _3Amazon.com
_uhttp://www.amazon.com/exec/obidos/ASIN/0030223776/chopaconline-20
942 _aNBS
_cBK
_k658.3 ANT
999 _c346791
_d346791